Highest FPL Points By Season - Statistics

General Stats
  • This quiz has been taken 371 times
    62 since last reset
  • The average score is 18 of 23
Answer Stats
Season Total Points Player % Correct
2017/18 303 Mohamed Salah
100%
2018/19 259 Mohamed Salah
100%
2021/22 265 Mohamed Salah
100%
2024/25 344 Mohamed Salah
100%
2022/23 272 Erling Haaland
93%
2006/07 244 Cristiano Ronaldo
91%
2007/08 283 Cristiano Ronaldo
91%
2019/20 251 Kevin De Bruyne
84%
2014/15 233 Eden Hazard
82%
2002/03 271 Thierry Henry
82%
2003/04 242 Thierry Henry
82%
2005/06 239 Thierry Henry
82%
2004/05 269 Frank Lampard
79%
2008/09 226 Frank Lampard
79%
2009/10 284 Frank Lampard
79%
2023/24 244 Cole Palmer
77%
2015/16 240 Riyad Mahrez
72%
2011/12 269 Robin van Persie
70%
2012/13 262 Robin van Persie
70%
2013/14 295 Luis Suarez
68%
2020/21 244 Bruno Fernandes
56%
2016/17 264 Alexis Sanchez
47%
2010/11 198 Nani
21%
No matching quizzes found
Score Distribution
Percent of People with Each Score
Percentile by Number Answered
Your Score History
You have not taken this quiz since the last reset